[Event "ITA-ch U16"]
[Site "Montesilvano"]
[Date "2015.06.30"]
[Round "2.1"]
[White "Leonardi, Antonio"]
[Black "Moroni, Luca Jr"]
[Result "0-1"]
[WhiteElo "1804"]
[BlackElo "2437"]
[PlyCount "44"]
[EventDate "2015.06.29"]
[EventType "swiss"]
[EventRounds "9"]
[EventCountry "ITA"]
[SourceTitle "EXT 2024"]
[Source "ChessBase"]
[SourceDate "2023.10.10"]
[SourceVersion "1"]
[SourceVersionDate "2023.10.10"]
[SourceQuality "1"]

1. d4 d5 2. c4 e6 3. Nc3 a6 4. e3 Nf6 5. Nf3 Nbd7 6. Qc2 dxc4 7. Bxc4 b5 8. Bd3 Bb7 9. Qe2 c5 10. 0-0 Rc8 11. Ne5 cxd4 12. exd4 Be7 13. Re1 0-0 14. Bg5 Nb6 15. Rad1 Nbd5 16. Ne4 Nxe4 17. Qxe4 f5 18. Bxe7 Qxe7 19. Qe2 Nf4 20. Qd2 Nxg2 21. Re2 Qh4 22. Nd7 Nf4 0-1